Personnages du Village d'Ame ( Naruto ) - Statistiques

Statistiques générales
  • Ce quiz a été pris 51 fois
  • Le résultat moyen est 4 sur 27
Statistiques - réponses
Par images Réponse % Correct
Nagato
97%
Konan
95%
Yahiko
89%
Hanzo
86%
Fuso
19%
Ise
11%
Kie
8%
Oboro
8%
Aoi
5%
Baiu
5%
Kagari
5%
Kyusuke
5%
Mubi
5%
Shigure
3%
Yudachi
3%
Ajisai
0%
Fuyo
0%
Heiji
0%
Kandachi
0%
Kirisame
0%
Midare
0%
Murasame
0%
Ryusui
0%
Suiren
0%
Tatsuji
0%
Tezuna
0%
Ugatsu
0%
Aucun quiz correspondant
Distribution des résultats
% des personnes avec chaque résultat
Percentile par nombre de réponses
Votre historique - résultats
Vous n’avez pas pris ce quiz